Living EWOWers - SUDDEN DEATH - Statistics

General Stats
  • This quiz has been taken 199 times
  • The average score is 20 of 124
Answers on the Grid
Answers color-coded by a green-red scale on the quiz's grid according to % correct below.
#1 sigma Rizz lord
#zackd
+QuinDex+
- Celestial19 -
4DJumpman256
60mo
8th
Lpcarver
A Random EWOW Contestant
aaronvx
alexlion0511
Algotistic
ALITL
Alley%
alotofboxes
Alternavation
Amelia, Ameliorator of the Eighty-Three Skies
AnEpik
ArnoobExtra
ashaisasmasha
avocadoexists
Azurite
Bababnas
Bazinga_9000
BFBFan5346
Blue Gelatin
Brandy?
BrokenSink
cashedcredits
CASTORCORE
Catworld
cereseries
Chad
Charito
Chew804
CloudySkyes
cloverpepsi
Cohaki
Concavz
ConvexProjects
Creative Casey
CringeCat
Cube492
Daquan Huang
Dark
Deckardv
DogeBone3
EeveeLuv
Epsilon
Evolt
Exhalexa
exxpired dye
eybhellollehbye
FishOnTheInternet
Flambeetle
fonda1515
Foxrish
fryuaj
Funo'
garf
geobica
girlbossed.
Gizmote
Gman
goobrey
Grammar Lee
Graysandwich
GreenieGuest
hamburgerhelper
Heronix
HexaForce
Himo
hydrogencitrus
IceKeyHammer
Indigo
IntersectingPlanes
iRDM
irufusetochangemyprofilepic
italic177
iTeoti
Ixcors
Jac4
jaydene19248
JCL Kaytwo
Juhmatok
JujuMas
Juliansl
JustAToadBB
Justoons
J_duude
Kinderdacat
KittenRuler
Koopa472
kuminda.water.supply
la rivbi
Laurceny
LemonVenom
lipu Kijoke
losered
Lyrical TyrAnt
Magnetty Girl
MarioFan
MayUnderFlowers
mazuat
Meester Tweester
Meowicat
Meptune
Midnight Light
Mikl Pickle
milster08
MineFlex_B
Mitochondrial Bob
Moralitea
MrDell47
MysteriousGrimReaper
namdoy
Naslemi Jones
Neonth
Nerdy Gal
Nihonium_LTE
Nindragon471
nlcd
Nonexistential
normalben
Noslen
Onchú
One Night
opdi
Orange Cary Superfan
Paintspot Infez
Pancake
PaniniPancake
Parallel Paperbacks
PengiQuin
pfysche
PG2K
Pink man
PlasmicTrojan
pokeysoda
PoliteCheese1414
PriceTagFanatic
Purplegaze
qooyuni
RainbowKnight
RAMTurtle
random.123
Real presidnet of usa!
recc
reremiau
s1nblitz
Sanjay2133
scorb
SergeantSnivy
ShadowFlames
sictoabu
SinisterShovel
Skippery45
smil
smoov22
Snoozingnewt
sodiumhydroxide
some_nerd
SooperHighper
Sparrowcat
spooky.phd
Srimochi
St4rry_Ski3z
stephan12387
Swift Smartypants
TaxEvader357
terminatedslime
ThatShowGuy
The Ilucuthen Empire
TheGraphicalHarmonicist
thenamesh
ThePianoGuru
ThePinkBunnyEmpire
TieTiePerson
ToffeeLime
TrainGoBoom
Triko
tr_
Twiggy
twpaz.
Usernamey
Verigold
Water Chestnut
whitecyclosa
WholeNote1
xXBombs_AwayXx
Xyloba
X_Ry
YellowElectric
YoshiAwesum
Yuakim
Yume Flamigiri
Zaffricious
Zettex
Zixi
 
Answer Stats
Answer % Correct
#1 sigma Rizz lord
90%
4DJumpman256
70%
ALITL
39%
aaronvx
37%
- Celestial19 -
36%
Amelia, Ameliorator of the Eighty-Three Skies
34%
cloverpepsi
31%
avocadoexists
30%
+QuinDex+
30%
ArnoobExtra
28%
Chad
28%
Cohaki
27%
Dark
27%
Catworld
25%
ConvexProjects
25%
Azurite
22%
iRDM
22%
xXBombs_AwayXx
22%
CloudySkyes
21%
Deckardv
21%
MarioFan
21%
MayUnderFlowers
21%
Blue Gelatin
19%
Brandy?
19%
X_Ry
19%
YellowElectric
19%
AnEpik
18%
cashedcredits
18%
DogeBone3
18%
goobrey
18%
mazuat
18%
Midnight Light
18%
Nindragon471
18%
scorb
18%
twpaz.
18%
Zettex
18%
hydrogencitrus
16%
J_duude
16%
losered
16%
One Night
16%
PaniniPancake
16%
Purplegaze
16%
recc
16%
TieTiePerson
16%
whitecyclosa
16%
Xyloba
16%
Algotistic
15%
FishOnTheInternet
15%
Ixcors
15%
Juhmatok
15%
Koopa472
15%
LemonVenom
15%
lipu Kijoke
15%
Meowicat
15%
Mitochondrial Bob
15%
Moralitea
15%
Orange Cary Superfan
15%
Pink man
15%
reremiau
15%
stephan12387
15%
Charito
13%
Grammar Lee
13%
IntersectingPlanes
13%
iTeoti
13%
kuminda.water.supply
13%
opdi
13%
Paintspot Infez
13%
PlasmicTrojan
13%
sictoabu
13%
Snoozingnewt
13%
The Ilucuthen Empire
13%
ThePianoGuru
13%
Water Chestnut
13%
WholeNote1
13%
Yuakim
13%
BrokenSink
12%
Creative Casey
12%
Evolt
12%
Gman
12%
JujuMas
12%
PG2K
12%
PoliteCheese1414
12%
Real presidnet of usa!
12%
s1nblitz
12%
SinisterShovel
12%
ThePinkBunnyEmpire
12%
Yume Flamigiri
12%
Daquan Huang
10%
EeveeLuv
10%
Exhalexa
10%
Flambeetle
10%
Gizmote
10%
IceKeyHammer
10%
italic177
10%
St4rry_Ski3z
10%
Swift Smartypants
10%
terminatedslime
10%
ToffeeLime
10%
TrainGoBoom
10%
9%
Cube492
9%
Funo'
9%
girlbossed.
9%
GreenieGuest
9%
Mikl Pickle
9%
Onchú
9%
Pancake
9%
pokeysoda
9%
ShadowFlames
9%
Sparrowcat
9%
TaxEvader357
9%
exxpired dye
7%
Graysandwich
7%
Heronix
7%
jaydene19248
7%
Juliansl
7%
Lyrical TyrAnt
7%
MineFlex_B
7%
RainbowKnight
7%
random.123
7%
SooperHighper
7%
tr_
7%
Zaffricious
7%
Himo
6%
No matching quizzes found
Score Distribution
Percent of People with Each Score
Percentile by Number Answered
Your Score History
You have not taken this quiz